Statistics for The Life of Gandhi

Click here to take the quiz!

General Stats

  • This quiz has been taken 4,779 times
  • The average score is 11 of 18

Answer Stats

Hint Answer % Correct
Gandhi is often called the "father" of this countryIndia
99%
… but his first name is often replaced with this title meaning "great souled"Mahatma
93%
His religionHinduism
90%
Gandhi practiced this kind of resistanceNon-{violent}
82%
He was assassinated in this city in 1948New Delhi
78%
He led a march to the sea to get this substanceSalt
78%
He opposed the independence of this country in 1947Pakistan
77%
Gandhi's first nameMohandas
67%
He was inspired by this Russian writerLeo Tolstoy
60%
He lived in this country from 1893-1914South Africa
57%
Age at which he married13
56%
He urged the British to surrender in this warWorld War II
54%
Actor who portrayed Gandhi in the 1982 filmBen Kingsley
54%
Friend of Gandhi who became the first Prime Minister of IndiaJawaharlal Nehru
50%
He supported efforts to help this group of people that were
oppressed by the caste system
Dalits (Untouchables)
49%
He studied law at the Inner Temple in this cityLondon
39%
His native languageGujarati
32%
His political partyIndian National Congress
27%

Score Distribution

Percentile by Number Answered

Percent of People with Each Score

Your Score History

You have not taken this quiz